Annuaire Statistique du Luxembourg 1988/89
Gespeichert in:
| Format: | Buch |
|---|---|
| Sprache: | Französisch |
| Veröffentlicht: |
Luxembourg
Service Central de la Statistique et des Etudes Economiques
1988
|
| Ausgabe: | 1. éd. |
| Tags: |
Keine Tags, Fügen Sie das erste Tag hinzu!
|
MARC
| LEADER | 00000nam a2200000 4500 | ||
|---|---|---|---|
| 001 | c031714 | ||
| 005 | 20221219131110.8 | ||
| 041 | 0 | |a fre | |
| 044 | |a LU | ||
| 245 | 1 | 0 | |a Annuaire Statistique du Luxembourg 1988/89 |
| 250 | |a 1. éd. | ||
| 264 | 1 | |a Luxembourg |b Service Central de la Statistique et des Etudes Economiques |c 1988 | |
| 300 | |a 529 s. | ||